MARC details
| 000 -CABECERA |
| campo de control de longitud fija |
03766nam a22003977a 4500 |
| 001 - NÚMERO DE CONTROL |
| campo de control |
BRCA_7519 |
| 002 - NÚMERO DE PROCEDENCIA |
| campo de control |
R-69 |
| 003 - IDENTIFICADOR DEL NÚMERO DE CONTROL |
| campo de control |
FranzMayer |
| 005 - FECHA Y HORA DE LA ÚLTIMA TRANSACCIÓN |
| campo de control |
20260323175133.0 |
| 008 - DATOS DE LONGITUD FIJA--INFORMACIÓN GENERAL |
| campo de control de longitud fija |
251210s1484 it ||||gr|||| 00| 0 lat d |
| 040 ## - FUENTE DE LA CATALOGACIÓN |
| Centro catalogador/agencia de origen |
BM FM |
| Lengua de catalogación |
spa |
| 041 ## - CODIGO DE IDIOMA |
| Código de idioma para texto/pista de sonido o título separado |
lat |
| 050 #4 - SIGNATURA TOPOGRÁFICA DE LA BIBLIOTECA DEL CONGRESO |
| Número de clasificación |
DG270 |
| Número de documento/Ítem |
.B56 1484 (R-69) |
| 100 1# - ENTRADA PRINCIPAL--NOMBRE DE PERSONA |
| Nombre de persona |
Biondo, Flavio |
| Fechas asociadas al nombre |
(1392-1463) |
| 9 (RLIN) |
30085 |
| 245 10 - MENCIÓN DE TÍTULO |
| Título |
Historiarum ab Inclinatione Romanorum Imperii. Liber Primus/ |
| Mención de responsabilidad, etc. |
Biondo, Flavio |
| 246 11 - FORMA VARIANTE DE TÍTULO |
| Título propio/Titulo breve |
Décadas de historia desde la decadencia del Imperio Romano |
| 260 ## - PUBLICACIÓN, DISTRIBUCIÓN, ETC. |
| Lugar de publicación, distribución, etc. |
Venecia, Italia : |
| Nombre del editor, distribuidor, etc. |
Otavianum Scotum , |
| Fecha de publicación, distribución, etc. |
1484 |
| 300 ## - DESCRIPCIÓN FÍSICA |
| Extensión |
249 hojas ; |
| Dimensiones |
27 x 18.5 x 5 cm |
| 520 3# - SUMARIO, ETC. |
| Sumario, etc. |
El incunable más antiguo en la biblioteca Franz Mayer. Narra la historia de Europa y la cristiandad, desde el saqueo de Roma por los godos en los años 410 d. C., hasta 1442. |
| Ampliación de la nota de sumario |
Fue el primero en dividir la historia en tres periodos o edades, así como en emplear el concepto de "Medioevo” para referirse a la Edad Media, que transcurrió desde la desintegración del Imperio romano de Occidente -en el siglo V- hasta el siglo XV y considerado un período de estancamiento cultural. |
| 563 ## - NOTA DE ENCUADERNACIÓN |
| Nota de encuadernación |
Otras referencias físicas: Encuadernación entera en piel decorada. El papel del cuerpo del libro es de pulpa de trapo, hecho a mano, con marcas de verjurado y marcas de agua. El cuerpo del libro está formado por cuadernillos unidos mediante costura sobre cuatro soportes sencillos y elevados de cordel. Sin embargo, no es posible determinar el tipo de costura. Hojas de guarda con refuerzo hecho de papel de reúso manuscrito, cosidas y adheridas; ambas guardas móviles presentan una marca de agua con la figura de un caballo (distinto en cada una). Lomera ligeramente redondeada con endoses en los paneles de cabeza y pie (no se determinó si en el resto de los paneles hay endoses). Cabezadas tejidas con hilo blanco, y sobrecabezadas tejidas con hilo café y ocre con almas de material no identificado, cortadas al ras. Cantos del cuerpo refinados más de una vez y saplicados con rojoDecoración con dorado en el lomoTexto impreso |
| 591 ## - ESTADO DE CONSERVACIÓN |
| Estado de conservación |
Estado de Conservación: Bueno |
| 591 ## - ESTADO DE CONSERVACIÓN |
| Estado de conservación |
Descripción de conservación: Reencuadernación antigua. Presenta suciedad, algunos faltantes, roturas y dobleces en las hojas. Contraguardas parcialmente desprendidas, abrasión en los cantos de las tapas, cofia de cabeza rota, puntas dobladas; la punta posterior de pie y la anterior de cabeza ligeramente desnudas. Pequeños faltantes de la capa superior de la piel en ambas tapas |
| 592 ## - MARCAS ADICIONALES |
| MARCAS ADICIONALES |
Marcas Adicionales: Notas manuscritas en tinta ferrogálica en los márgenes de las hojas: 1-6, 10-11, 14, 16, 18-19, 23-24, 26, 32, 34-35, 37, 43-47, 50-63, 66, 69-71, 73, 75-82, 89-90, 93, 95, 99-100, 102, 112, 120-129, 133-134, 140 (en algunos casos se cortaron durante el refinado para la reencuadernación). Nota manuscrita en italiano en la contra guarda anterior [J. Hatan ... 21 ... 1840 H . I . A ] [Muy rara es la edición ... ]. En la contraguarda anterior presenta una inscripción con la fecha "1840", lo que podría indicar la época aproximada de su reencuadernacón. Marca de agua en la última hoja con un círculo y una "M" |
| 593 ## - COLECCIÓN ADICIONAL |
| Colección adicional |
Incunables |
| 600 10 - PUNTO DE ACCESO ADICIONAL DE MATERIA--NOMBRE DE PERSONA |
| Nombre de persona |
Biondo, Flavio |
| Fechas asociadas al nombre |
1392-1463 |
| 9 (RLIN) |
30085 |
| 648 #0 - PUNTO DE ACCESO ADICIONAL DE MATERIA--TÉRMINO CRONOLÓGICO |
| Término cronológico |
Viceroyalty (1535-1821) |
| 9 (RLIN) |
30086 |
| 650 10 - PUNTO DE ACCESO ADICIONAL DE MATERIA--TÉRMINO DE MATERIA |
| Término de materia o nombre geográfico como elemento de entrada |
History |
| 9 (RLIN) |
8124 |
| 650 10 - PUNTO DE ACCESO ADICIONAL DE MATERIA--TÉRMINO DE MATERIA |
| Término de materia o nombre geográfico como elemento de entrada |
Historiography |
| Subdivisión general |
History |
| Subdivisión cronológica |
To 1500 |
| Subdivisión geográfica |
Europe |
| 9 (RLIN) |
30087 |
| 650 10 - PUNTO DE ACCESO ADICIONAL DE MATERIA--TÉRMINO DE MATERIA |
| Término de materia o nombre geográfico como elemento de entrada |
Renaissance |
| Subdivisión geográfica |
Europe |
| 9 (RLIN) |
12726 |
| 651 #0 - PUNTO DE ACCESO ADICIONAL DE MATERIA--NOMBRE GEOGRÁFICO |
| Nombre geográfico |
Rome |
| Subdivisión general |
History |
| Subdivisión cronológica |
Empire 284-476 |
| 9 (RLIN) |
30088 |
| 700 1# - PUNTO DE ACCESO ADICIONAL--NOMBRE DE PERSONA |
| Nombre de persona |
Scotum, Otavianum |
| Término indicativo de función/relación |
editor |
| 9 (RLIN) |
30089 |
| 856 41 - LOCALIZACIÓN Y ACCESO ELECTRÓNICOS |
| Tipo de formato electrónico |
TIF//PDF |
| Identificador Uniforme del Recurso |
<a href="https://bibliotecadigital.franzmayer.org.mx/items/afbfca9c-4665-46a3-9e28-758440057e27">https://bibliotecadigital.franzmayer.org.mx/items/afbfca9c-4665-46a3-9e28-758440057e27</a> |
| Texto de enlace |
Biblioteca Digital Franz Mayer |
| 902 ## - CATALOGADOR |
| Iniciales |
KH |
| -- |
TV |
| -- |
FM |
| 942 ## - ELEMENTOS DE PUNTO DE ACCESO ADICIONAL (KOHA) |
| Fuente del sistema de clasificación o colocación |
Library of Congress Classification |
| Tipo de ítem Koha |
Libros |
| 960 ## - LOCALIZACIÓN FÍSICA (RLIN) |
| Localización física, PLOC (RLIN) |
CS-L1-N2 |
| 952 ## - LOCALIZACIÓN E INFORMACIÓN DEL ÍTEM/UNIDAD FÍSICA (KOHA) |
| Localización permanente |
Biblioteca del Museo Franz Mayer (Rogerio Casas-Alatriste) |
| Ubicación/localización actual |
Biblioteca del Museo Franz Mayer (Rogerio Casas-Alatriste) |
| Fecha de adquisición |
2025-12-10 |
| Información codificada de la localización en otra ubicación |
CS-L1-N2 |
| Número de procedencia |
R-69 |
| Total de préstamos |
0 |
| Signatura topográfica completa |
DG270 .B56 1484 (R-69) |
| Código de barras |
LAR00011 |
| Fecha visto por última vez |
2025-12-10 16:58:00 |
| Precio válido a partir de |
2025-12-10 |
| Tipo de ítem Koha |
Libros |
| Estado del ejemplar |
El ejemplar forma parte de la colección y puede ser consultado según las políticas vigentes. |
| Estado de pérdida |
|
| Restricciones de uso |
Además de la credencial vigente, se requiere carta de motivos para autorizar la consulta. |
| Disponibilidad para consulta |
|
| Código de colección |
Libros Antiguos y Raros |